000 00426nam a22001817a 4500
003 NUST - PNEC
005 20170116181127.0
008 150916b xxu||||| |||| 00| 0 eng d
020 _a058230539X
040 _cLIBRARY
082 _a621.433 CHO
100 _910781
_aCohen h
245 _aGas turbine theory
_cH. Cohen
250 _a3rd ed
260 _cc1972.
650 _910782
_aGas-turbines
_xME
942 _2ddc
_cBK
999 _c69791
_d69791